000 00435nam a2200181Ia 4500
008 090630s9999 xx 000 0 und d
082 _b20277
100 _aAmes Judith.
245 _aHeroic Tales of India.
_cAmes Judith.
260 _b---
300 _a80
600 _aAmes Judith.
630 _aHeroic Tales of India.
655 _aEnglish.
700 _aAmes Judith.
730 _aHeroic Tales of India.
942 _cBOOK
999 _c272133
_d272133